000 00572cam a22002051 4500
001 he 68000497
003 DLC
005 20260227111453.0
008 831006s1963 is 000 0 heb
010 _ahe 68000497
035 _a(OCoLC)19149350
040 _aDLC
_cMH
_dCU
_dDLC
042 _apremarc
050 0 0 _aPJ5053.H44
_bB3
100 1 _aHerberg, Shelomoh.
245 1 3 _aBa-maʻagal :
_bshirim, shirim bi-ferozah u-reshimot /
_cSh. Herberg.
260 _a[Tel Aviv] :
_bMaḥbarot le-sifrut,
_c[1963]
300 _a184 p. ;
_c21 cm.
752 _aIsrael
_dTel Aviv
999 _c32938
_d32938